Fr. Conceicao Rodrigues College of Engineering

David Ingram''''s The Ultimate Year Round Tax Guide (Record no. 30761)

MARC details
000 -LEADER
fixed length control field 00359nam a2200157Ia 4500
082 ## - DEWEY DECIMAL CLASSIFICATION NUMBER
Classification number 336.2
Item number Tay
100 ## - MAIN ENTRY--PERSONAL NAME
Personal name Ingham/David
245 ## - TITLE STATEMENT
Title David Ingram''''s The Ultimate Year Round Tax Guide
260 ## - PUBLICATION, DISTRIBUTION, ETC.
Name of publisher, distributor, etc. Hanock House Pub.
Place of publication, distribution, etc. Surrey
Date of publication, distribution, etc. 1990
300 ## - PHYSICAL DESCRIPTION
Extent 255
546 ## - LANGUAGE NOTE
Language note ENGLISH
650 ## - SUBJECT ADDED ENTRY--TOPICAL TERM
Topical term or geographic name entry element General
654 ## - SUBJECT ADDED ENTRY--FACETED TOPICAL TERMS
Focus term Tax Guide
942 ## - ADDED ENTRY ELEMENTS (KOHA)
Koha item type Reference Book
Holdings
Withdrawn status Lost status Damaged status Not for loan Collection Home library Current library Shelving location Date acquired Total Checkouts Full call number Barcode Date last seen Price effective from Koha item type
        AFT Fr. Agnel's C.Rodrigues College of Engineering Fr. Agnel's C.Rodrigues College of Engineering   17/03/2023   336.2 Tay AFT6794 17/03/2023 17/03/2023 Reference Book